000 01694nam0a2200373 4500
001 RU\NLR\bibl\812122
005 20250614133226.0
010 _a5-98471-022-6
_bв пер.
_91000
021 _aRU
_b2005-10027
_9520
035 _aRSL-KNO-002575326
035 _a(NLR Aleph) 000801179
090 _a1182229
_c1182229
100 _a20050228d2005 |||y0rusy50 ca
101 0 _arus
102 _aRU
105 _aa |||||||||
106 _ar
200 1 _aИзмерения объемов круглого леса
_eсправочник
_f[сост. Ю. А. Бит, С. В. Вавилов]
210 _aСПб.
_cПрофи-Информ
_d2005
_gГУП Тип. Наука
215 _a361 с.
_cил.
_d22
320 _aБиблиогр.: с. 359 (24 назв.)
606 1 _aЛесосеки
_jСправочники
_xТаксация
_91464422
_3RU\NLR\auth\66621568
606 1 _aЛесосеки
_jСправочники
_xРасчет выхода сортиментов
_91460828
_3RU\NLR\auth\66619748
610 0 _aП3 Сельское и лесное хозяйство. Сельскохозяйственные и лесохозяйственные науки -- Лесное хозяйство. Лесохозяйственные науки -- Лесоустройство. Таксация леса -- Лесная таксация -- Справочник
686 _aП362я22
_2rubbk
686 _aП362.1я2
686 _aП390.112я2
702 1 _aБит
_bЮ. А.
_gЮрий Аркадьевич
_4220
801 0 _aRU
_bRuMoRKP
_c20050228
_grcr
801 1 _aRU
_bRuMoRGB
_c20050228
801 2 _aRU
_bNLR
_c20050622
_gPSBO
942 _cBOOK
980 _aNB